[Event "1617LLO"]
[Site "Mecklenburg-Vorpommern"]
[Date "2016.10.16"]
[Round "1.2"]
[White "Vietinghoff, Klaus"]
[Black "Wurst, Maximilian"]
[Result "1-0"]
[WhiteElo "1707"]
[BlackElo "1659"]
[PlyCount "111"]
[EventDate "2016.11.06"]
[EventType "team-tourn"]
[EventRounds "9"]
[SourceDate "2016.10.16"]
[WhiteTeam "FHSG Stralsund II"]
[BlackTeam "SSC Rostock III"]

1. f4 Nc6 2. Nf3 d5 3. e3 Nf6 4. Bb5 Bd7 5. b3 a6 6. Bxc6 Bxc6 7. Bb2 e6 8. O-O
Bc5 9. Qe2 Bb5 10. d3 Ng4 11. Nd4 Bxd4 12. Bxd4 Nf6 13. Nd2 Qe7 14. a4 Bd7 15.
Nf3 O-O 16. Ne5 c5 17. Bb2 Rac8 18. g4 Bc6 19. Rf2 Nd7 20. Nf3 f6 21. d4 c4 22.
Ba3 Qf7 23. Bxf8 Qxf8 24. g5 f5 25. h4 Qb4 26. Qd2 c3 27. Qe2 b5 28. a5 Qd6 29.
h5 Ra8 30. Nh4 b4 31. Rh2 Bb5 32. Qf3 Nb8 33. Qh3 Nc6 34. Ng6 Qd7 35. Kf2 Qf7
36. Kf3 Ra7 37. Ne5 Nxe5+ 38. fxe5 Qe7 39. Qh4 Qc7 40. Qf4 Rb7 41. g6 h6 42.
Qh4 Kf8 43. Rf2 Ke8 44. Kg3 Bc6 45. Qh3 Rb5 46. Rxf5 exf5 47. Qxf5 Qd7 48. e6
Qe7 49. Rf1 Qg5+ 50. Qxg5 hxg5 51. Rf7 Rb7 52. Kg4 Rxf7 53. gxf7+ Kf8 54. Kxg5
Bb5 55. h6 gxh6+ 56. Kf6 1-0

[Event "1617LLO"]
[Site "Mecklenburg-Vorpommern"]
[Date "2016.10.16"]
[Round "1.3"]
[White "Wegner, Michael"]
[Black "Vlach, Michael"]
[Result "1/2-1/2"]
[WhiteElo "1604"]
[BlackElo "1583"]
[PlyCount "57"]
[EventDate "2016.11.06"]
[EventType "team-tourn"]
[EventRounds "9"]
[SourceDate "2016.10.16"]
[WhiteTeam "SSC Rostock III"]
[BlackTeam "FHSG Stralsund II"]

1. e4 e6 2. Nc3 d5 3. d4 dxe4 4. Nxe4 Nf6 5. Nxf6+ Qxf6 6. Nf3 h6 7. c3 Bd6 8.
Bd3 O-O 9. O-O Nd7 10. Qe2 Re8 11. b4 a5 12. Bd2 Bf4 13. a3 Nb6 14. Be4 Bxd2
15. Nxd2 c6 16. Nb3 a4 17. Na5 Re7 18. Bc2 Rc7 19. Qe4 g6 20. c4 Bd7 21. Rad1
Nd5 22. Qe1 b6 23. cxd5 cxd5 24. Bd3 bxa5 25. bxa5 Rca7 26. a6 Bc8 27. Qe3 Kg7
28. Rb1 Bxa6 29. Rfc1 1/2-1/2

[Event "1617LLO"]
[Site "Mecklenburg-Vorpommern"]
[Date "2016.10.16"]
[Round "1.4"]
[White "Klinger, Clemens"]
[Black "Modrow, Andreas"]
[Result "1/2-1/2"]
[WhiteElo "1566"]
[BlackElo "1619"]
[PlyCount "30"]
[EventDate "2016.11.06"]
[EventType "team-tourn"]
[EventRounds "9"]
[SourceDate "2016.10.16"]
[WhiteTeam "FHSG Stralsund II"]
[BlackTeam "SSC Rostock III"]

1. e4 e6 2. d4 d5 3. Nc3 dxe4 4. Nxe4 Be7 5. Nf3 Nf6 6. Bd3 Nbd7 7. Nxf6+ Nxf6
8. O-O Bd7 9. Ne5 O-O 10. Bg5 Bc6 11. Nxc6 bxc6 12. c3 Rb8 13. Qc2 h6 14. Bh4
Qd5 15. Bxf6 Bxf6 1/2-1/2

[Event "1617LLO"]
[Site "Mecklenburg-Vorpommern"]
[Date "2016.10.16"]
[Round "1.5"]
[White "Worm, Alfred"]
[Black "Boettner, Oliver"]
[Result "1-0"]
[WhiteElo "1591"]
[BlackElo "1412"]
[PlyCount "117"]
[EventDate "2016.11.06"]
[EventType "team-tourn"]
[EventRounds "9"]
[SourceDate "2016.10.16"]
[WhiteTeam "SSC Rostock III"]
[BlackTeam "FHSG Stralsund II"]

1. e4 c5 2. Nf3 Nc6 3. c3 g6 4. d4 cxd4 5. cxd4 Bg7 6. Nc3 d6 7. Bc4 Bg4 8.
Bxf7+ Kxf7 9. Ng5+ Ke8 10. Qxg4 Nxd4 11. O-O Qc8 12. Qf4 Nf6 13. Be3 Qxc3 14.
bxc3 Ne2+ 15. Kh1 Nxf4 16. Bxf4 Bh6 17. f3 e5 18. Bc1 Rc8 19. Nh3 Bxc1 20.
Rfxc1 d5 21. Nf2 Ke7 22. exd5 Nxd5 23. Rab1 b6 24. Ne4 Rc4 25. Rb5 Rd8 26. h4
a6 27. Rb2 b5 28. Rd2 b4 29. Rcd1 bxc3 30. Nxc3 Nxc3 31. Rxd8 Nxd1 32. Rxd1 Rd4
33. Rb1 Ra4 34. Rb7+ Ke6 35. Rxh7 Rxa2 36. Kh2 a5 37. Ra7 a4 38. Kg3 a3 39. Kh3
Ra1 40. Kg4 a2 41. Kg5 Kd5 42. Kxg6 Rh1 43. Rxa2 Rxh4 44. Ra5+ Ke6 45. Ra6+ Kd5
46. Kf5 Rh5+ 47. Kg4 Rh2 48. g3 Kd4 49. Ra4+ Ke3 50. Re4+ Kf2 51. Rxe5 Rg2 52.
Kf4 Rxg3 53. Re2+ Kxe2 54. Kxg3 Ke3 55. Kg4 Kd4 56. Kf5 Kd5 57. Kf6 Kd6 58. f4
Kd7 59. Kf7 1-0

[Event "1617LLO"]
[Site "Mecklenburg-Vorpommern"]
[Date "2016.10.16"]
[Round "1.6"]
[White "Jabbusch, Burkhard"]
[Black "Raitza, Egon"]
[Result "1-0"]
[WhiteElo "1587"]
[BlackElo "1559"]
[PlyCount "48"]
[EventDate "2016.11.06"]
[EventType "team-tourn"]
[EventRounds "9"]
[SourceDate "2016.10.16"]
[WhiteTeam "FHSG Stralsund II"]
[BlackTeam "SSC Rostock III"]

1. f4 d5 2. Nf3 c5 3. e3 Nc6 4. d3 Nf6 5. Nbd2 e6 6. e4 dxe4 7. dxe4 Be7 8. c3
O-O 9. Qc2 b6 10. Bd3 g6 11. h3 Qc7 12. Nf1 Nh5 13. e5 Bb7 14. Be3 Rad8 15.
O-O-O Rd7 16. g4 Ng7 17. N1d2 Rfd8 18. Be4 b5 19. h4 h5 20. gxh5 Nxh5 21. Rdg1
Bf8 22. Bxg6 fxg6 23. Qxg6+ Ng7 24. Ng5 Be7 1-0

[Event "1617LLO"]
[Site "Mecklenburg-Vorpommern"]
[Date "2016.10.16"]
[Round "1.8"]
[White "Isigkeit, Hans Juergen"]
[Black "Wurst, Oliver"]
[Result "0-1"]
[WhiteElo "1518"]
[BlackElo "1557"]
[PlyCount "38"]
[EventDate "2016.11.06"]
[EventType "team-tourn"]
[EventRounds "9"]
[SourceDate "2016.10.16"]
[WhiteTeam "FHSG Stralsund II"]
[BlackTeam "SSC Rostock III"]

1. d4 Nf6 2. c4 e6 3. Nc3 d5 4. e3 c6 5. Nf3 Bd6 6. Bd3 Nbd7 7. O-O O-O 8. Qc2
h6 9. Bd2 Re8 10. Rfe1 a6 11. a4 dxc4 12. Bxc4 e5 13. dxe5 Nxe5 14. Nxe5 Bxe5
15. f4 Bb8 16. e4 Qd4+ 17. Be3 Qxc4 18. e5 Nd5 19. Qf2 Nxe3 0-1

[Event "1617LLO"]
[Site "Mecklenburg-Vorpommern"]
[Date "2016.10.16"]
[Round "1.1"]
[White "Burwitz, Joerg"]
[Black "Stork, Michael"]
[Result "0-1"]
[WhiteElo "1753"]
[BlackElo "2021"]
[PlyCount "67"]
[EventDate "2016.11.06"]
[EventType "team-tourn"]
[EventRounds "9"]
[SourceDate "2016.10.16"]
[WhiteTeam "RUGIA Bergen"]
[BlackTeam "Waren/Malchow"]

1. d4 Nf6 2. Nf3 g6 3. g3 Bg7 4. Bg2 d5 5. O-O O-O 6. c4 c6 7. cxd5 cxd5 8. Nc3
Ne4 9. Qb3 Nxc3 10. bxc3 Nc6 11. Nd2 e6 12. e4 Na5 13. Qc2 b6 14. Ba3 Re8 15.
Rfe1 Bb7 16. Bb4 Nc6 17. Qb3 Nxb4 18. Qxb4 Rc8 19. a4 e5 20. exd5 Bxd5 21. Bxd5
Qxd5 22. a5 exd4 23. c4 Qc6 24. axb6 axb6 25. Rxe8+ Rxe8 26. Rb1 Re2 27. f3 d3
28. Ne4 Bd4+ 29. Kh1 f5 30. c5 Rxe4 31. Qxb6 Qxb6 32. cxb6 Re8 33. Rd1 Bxb6 34.
Rxd3 0-1

[Event "1617LLO"]
[Site "Mecklenburg-Vorpommern"]
[Date "2016.10.16"]
[Round "1.2"]
[White "Schumacher, Albrecht"]
[Black "Pawlick, Helmut"]
[Result "1-0"]
[WhiteElo "1961"]
[BlackElo "1830"]
[PlyCount "23"]
[EventDate "2016.11.06"]
[EventType "team-tourn"]
[EventRounds "9"]
[SourceDate "2016.10.16"]
[WhiteTeam "Waren/Malchow"]
[BlackTeam "RUGIA Bergen"]

1. Nf3 Nf6 2. c4 c5 3. Nc3 d5 4. cxd5 Nxd5 5. e4 Nf6 6. Bb5+ Bd7 7. Qb3 b6 8.
e5 Bxb5 9. Nxb5 a6 10. Ng5 e6 11. Nxe6 fxe6 12. Qxe6+ 1-0

[Event "1617LLO"]
[Site "Mecklenburg-Vorpommern"]
[Date "2016.10.16"]
[Round "1.3"]
[White "Pawlowicz, Karsten"]
[Black "Arning, Norbert"]
[Result "1/2-1/2"]
[WhiteElo "1631"]
[BlackElo "1939"]
[PlyCount "41"]
[EventDate "2016.11.06"]
[EventType "team-tourn"]
[EventRounds "9"]
[SourceDate "2016.10.16"]
[WhiteTeam "RUGIA Bergen"]
[BlackTeam "Waren/Malchow"]

1. e4 e5 2. Nf3 Nc6 3. Nc3 Nf6 4. Bc4 Bc5 5. O-O d6 6. h3 O-O 7. d3 h6 8. Be3
Bb6 9. Qd2 Kh7 10. a3 Be6 11. Bxb6 axb6 12. Nd5 Bxd5 13. Bxd5 Nxd5 14. exd5 Ne7
15. c4 f5 16. Qe2 g5 17. Nd2 Ng6 18. g3 Qf6 19. f3 Rae8 20. Rab1 Ra8 21. Rf2
1/2-1/2

[Event "1617LLO"]
[Site "Mecklenburg-Vorpommern"]
[Date "2016.10.16"]
[Round "1.4"]
[White "Schmidt, Joerg"]
[Black "Tabbert, Dirk"]
[Result "1/2-1/2"]
[WhiteElo "1878"]
[BlackElo "1642"]
[PlyCount "64"]
[EventDate "2016.11.06"]
[EventType "team-tourn"]
[EventRounds "9"]
[SourceDate "2016.10.16"]
[WhiteTeam "Waren/Malchow"]
[BlackTeam "RUGIA Bergen"]

1. c4 f5 2. Nf3 Nf6 3. g3 e6 4. Bg2 Be7 5. d4 O-O 6. O-O d6 7. Nc3 Nbd7 8. b3
a6 9. Bb2 Qe8 10. Re1 Ne4 11. Nd2 Nxc3 12. Bxc3 Nf6 13. e4 fxe4 14. Nxe4 Qg6
15. Qe2 Ng4 16. h3 Nf6 17. Kh2 Rb8 18. Rad1 Bd7 19. f4 c6 20. Nf2 Nh5 21. Ng4
Nxg3 22. Kxg3 h5 23. Be4 Qf7 24. Qe3 hxg4 25. hxg4 d5 26. Bc2 Bd6 27. Rf1 g5
28. Qd3 gxf4+ 29. Kf3 Qg7 30. Rg1 Kf7 31. Qh7 Qxh7 32. Bxh7 Rh8 1/2-1/2

[Event "1617LLO"]
[Site "Mecklenburg-Vorpommern"]
[Date "2016.10.16"]
[Round "1.5"]
[White "Scheel, Manfred"]
[Black "Hertel Mach, Frank"]
[Result "0-1"]
[WhiteElo "1676"]
[BlackElo "1807"]
[PlyCount "76"]
[EventDate "2016.11.06"]
[EventType "team-tourn"]
[EventRounds "9"]
[SourceDate "2016.10.16"]
[WhiteTeam "RUGIA Bergen"]
[BlackTeam "Waren/Malchow"]

1. e4 e5 2. Nf3 Bc5 3. c3 d6 4. b4 Bb6 5. h3 Nf6 6. Bd3 O-O 7. O-O d5 8. Qc2
Re8 9. Bb2 Nc6 10. Re1 dxe4 11. Bxe4 Nxe4 12. Qxe4 f5 13. Qh4 Qd3 14. Na3 e4
15. Rad1 Be6 16. Ng5 h6 17. Nxe6 Rxe6 18. Qh5 Rf8 19. Qe2 Ne5 20. c4 Qxe2 21.
Rxe2 Nd3 22. Bc3 c6 23. Nc2 Nf4 24. Ree1 Rg6 25. c5 Rxg2+ 26. Kh1 Bc7 27. Rg1
Rxg1+ 28. Rxg1 Rf7 29. h4 Kf8 30. Rd1 g5 31. hxg5 hxg5 32. Nd4 Ke7 33. f3 Rh7+
34. Kg1 exf3 35. Nxf5+ Kf7 36. Re1 Ne2+ 37. Kf2 g4 38. Rxe2 Rh2+ 0-1

[Event "1617LLO"]
[Site "Mecklenburg-Vorpommern"]
[Date "2016.10.16"]
[Round "1.7"]
[White "Feldt, Horst"]
[Black "Schreiner, Wolfgang"]
[Result "1-0"]
[WhiteElo "1580"]
[BlackElo "1786"]
[PlyCount "71"]
[EventDate "2016.11.06"]
[EventType "team-tourn"]
[EventRounds "9"]
[SourceDate "2016.10.16"]
[WhiteTeam "RUGIA Bergen"]
[BlackTeam "Waren/Malchow"]

1. d4 Nf6 2. c4 e6 3. Nc3 Bb4 4. Bd2 O-O 5. e3 Bxc3 6. Bxc3 Ne4 7. Qc2 f5 8.
Bd3 Nxc3 9. Qxc3 Qg5 10. g3 b6 11. f4 Qh6 12. Nf3 Bb7 13. O-O d6 14. Rae1 Nd7
15. e4 fxe4 16. Bxe4 Bxe4 17. Rxe4 Rae8 18. Rfe1 Qg6 19. Kh1 Rf6 20. b4 Qg4 21.
Nh4 Qh5 22. Qf3 Qf7 23. Qd3 h6 24. Ng2 g5 25. fxg5 hxg5 26. Rg4 Qh5 27. Rge4
Qh3 28. R4e2 Rh6 29. Ne3 Qxg3 30. Rg1 Qf3+ 31. Reg2 Nf6 32. Rf1 Qe4 33. Qd2 Re7
34. Kg1 Rg7 35. Rff2 Rh4 36. Rxf6 1-0

[Event "1617LLO"]
[Site "Mecklenburg-Vorpommern"]
[Date "2016.10.16"]
[Round "1.8"]
[White "Reeps, Rickert"]
[Black "Hirsch, Danilo"]
[Result "1-0"]
[WhiteElo "1696"]
[BlackElo "1326"]
[PlyCount "77"]
[EventDate "2016.11.06"]
[EventType "team-tourn"]
[EventRounds "9"]
[SourceDate "2016.10.16"]
[WhiteTeam "Waren/Malchow"]
[BlackTeam "RUGIA Bergen"]

1. d4 Nf6 2. Nf3 e6 3. Bg5 Be7 4. e3 d5 5. c4 Nbd7 6. Nc3 Nb6 7. c5 Nbd7 8. Bd3
h6 9. Bf4 Nh5 10. Be5 Nxe5 11. Nxe5 Nf6 12. O-O Nd7 13. f4 Bf6 14. Qh5 Qe7 15.
Nb5 Nxe5 16. fxe5 Bg5 17. Rxf7 Qxf7 18. Bg6 O-O 19. Bxf7+ Rxf7 20. Qe2 a6 21.
Nc3 Bd7 22. Rf1 Raf8 23. Rxf7 Rxf7 24. Qe1 Kf8 25. h3 Ke7 26. h4 Rf5 27. hxg5
Rxg5 28. Qh4 Be8 29. e4 c6 30. Kf2 Kd7 31. g4 Rg6 32. Ke3 h5 33. g5 Ke7 34. Kf4
Kf8 35. Qh2 Ke7 36. Qc2 Kd7 37. Qb3 Kc8 38. Qb6 Bf7 39. Qa7 1-0

[Event "1617LLO"]
[Site "Mecklenburg-Vorpommern"]
[Date "2016.10.16"]
[Round "1.1"]
[White "Otto, Martin"]
[Black "Moeller, Peter"]
[Result "1/2-1/2"]
[WhiteElo "1818"]
[BlackElo "1962"]
[PlyCount "46"]
[EventDate "2016.11.06"]
[EventType "team-tourn"]
[EventRounds "9"]
[SourceDate "2016.10.16"]
[WhiteTeam "SAV Torgelow-Droegeheide II"]
[BlackTeam "HSG Uni Rostock"]

1. e4 c6 2. Nc3 d5 3. d3 g6 4. Nf3 Bg7 5. g3 d4 6. Ne2 Bg4 7. Bg2 e5 8. h3 Bd7
9. b3 c5 10. a4 Ne7 11. Ba3 Na6 12. Nd2 Nc6 13. Nc4 O-O 14. O-O Nab4 15. Qd2 a6
16. Bb2 Na5 17. Ba3 Nxc4 18. dxc4 Qe7 19. Bxb4 cxb4 20. a5 b5 21. axb6 Rfb8 22.
Ra5 Rxb6 23. Nc1 Ra7 1/2-1/2

[Event "1617LLO"]
[Site "Mecklenburg-Vorpommern"]
[Date "2016.10.16"]
[Round "1.2"]
[White "Hammel, Ralf"]
[Black "Kilp, Andreas"]
[Result "1-0"]
[WhiteElo "1928"]
[BlackElo "1701"]
[PlyCount "77"]
[EventDate "2016.11.06"]
[EventType "team-tourn"]
[EventRounds "9"]
[SourceDate "2016.10.16"]
[WhiteTeam "HSG Uni Rostock"]
[BlackTeam "SAV Torgelow-Droegeheide II"]

1. e4 e5 2. Nf3 Nc6 3. Nc3 Nf6 4. Bb5 d6 5. d4 exd4 6. Nxd4 Bd7 7. Bxc6 Bxc6 8.
Qd3 Be7 9. Bg5 Nd7 10. Bxe7 Qxe7 11. Nf5 Qf6 12. Qg3 O-O 13. f3 Rfe8 14. O-O-O
Nc5 15. h4 Na4 16. Nxa4 Bxa4 17. Qf2 Bd7 18. g4 Qe5 19. Rd5 Qf4+ 20. Rd2 Bc6
21. Qd4 Re5 22. Qc3 Rae8 23. Nd4 Bxe4 24. fxe4 Rxe4 25. b3 Re3 26. Qxc7 Re1+
27. Rxe1 Rxe1+ 28. Kb2 h6 29. Qc8+ Kh7 30. Qf5+ Qxf5 31. Nxf5 Re4 32. Rd4 d5
33. Rxe4 dxe4 34. c4 g6 35. Ne3 Kg7 36. Kc3 Kf6 37. Kd4 Ke6 38. Kxe4 f6 39. b4
1-0

[Event "1617LLO"]
[Site "Mecklenburg-Vorpommern"]
[Date "2016.10.16"]
[Round "1.3"]
[White "Bollnow, Alex"]
[Black "Schwetlick, Thomas"]
[Result "0-1"]
[WhiteElo "1592"]
[BlackElo "1830"]
[PlyCount "66"]
[EventDate "2016.11.06"]
[EventType "team-tourn"]
[EventRounds "9"]
[SourceDate "2016.10.16"]
[WhiteTeam "SAV Torgelow-Droegeheide II"]
[BlackTeam "HSG Uni Rostock"]

1. e4 e5 2. Nf3 Nc6 3. Bb5 a6 4. Ba4 Nf6 5. O-O Be7 6. Re1 b5 7. Bb3 d6 8. c3
O-O 9. h3 Bb7 10. d4 Re8 11. Nbd2 Bf8 12. Nf1 exd4 13. cxd4 Na5 14. e5 Nxb3 15.
Qxb3 Bd5 16. Qd1 dxe5 17. Nxe5 c5 18. Be3 Qc7 19. Nd2 Rad8 20. Ndf3 Nd7 21. Rc1
Nxe5 22. Nxe5 Qb7 23. f3 Bxa2 24. Nd3 cxd4 25. Bf2 Rxe1+ 26. Qxe1 Bc4 27. Ne5
Qd5 28. Nxc4 bxc4 29. Rd1 Bc5 30. Qa5 Qd6 31. Qa4 Qd5 32. Qxa6 d3 33. Qa5 Bxf2+
0-1

[Event "1617LLO"]
[Site "Mecklenburg-Vorpommern"]
[Date "2016.10.16"]
[Round "1.4"]
[White "Ivanov, Sergey V"]
[Black "Schmekel, Felix"]
[Result "1/2-1/2"]
[WhiteElo "1735"]
[BlackElo "1641"]
[PlyCount "112"]
[EventDate "2016.11.06"]
[EventType "team-tourn"]
[EventRounds "9"]
[SourceDate "2016.10.16"]
[WhiteTeam "HSG Uni Rostock"]
[BlackTeam "SAV Torgelow-Droegeheide II"]

1. c4 g6 2. Nc3 Bg7 3. g3 d6 4. Bg2 e5 5. Nf3 f5 6. d4 e4 7. Ng5 Nc6 8. d5 Ne5
9. Qc2 h6 10. Nh3 g5 11. b3 Bd7 12. Bb2 Qe7 13. O-O-O O-O-O 14. Qd2 Re8 15. f3
exf3 16. exf3 f4 17. Rhf1 fxg3 18. hxg3 Nxf3 19. Bxf3 Bxh3 20. Rfe1 Qf7 21.
Rxe8+ Qxe8 22. g4 Nf6 23. Nb5 a6 24. Nd4 Bxg4 25. Bxg4+ Nxg4 26. Ne6 Bxb2+ 27.
Kxb2 Ne5 28. Rf1 g4 29. Qd4 Kb8 30. c5 Qb5 31. Rd1 Rg8 32. cxd6 cxd6 33. a4 Qd7
34. Qb6 Rc8 35. Rh1 Nf7 36. Rh4 Rg8 37. Qd4 g3 38. Rg4 Rxg4 39. Qxg4 Ng5 40.
Qxg3 Nxe6 41. dxe6 Qxe6 42. Ka2 Kc8 43. Qc3+ Kd7 44. Qg7+ Kc6 45. Qc3+ Kd5 46.
Qf3+ Qe4 47. Qf7+ Kd4 48. Qf6+ Qe5 49. Qxh6 Kd3 50. Qh3+ Kd4 51. Qg4+ Ke3 52.
Qh3+ Kd2 53. Qh6+ Kc3 54. Qc1+ Kd3 55. Qd1+ Ke3 56. Qe1+ Kf3 1/2-1/2

[Event "1617LLO"]
[Site "Mecklenburg-Vorpommern"]
[Date "2016.10.16"]
[Round "1.5"]
[White "Greinert, Timo"]
[Black "Sager, Bernd"]
[Result "0-1"]
[WhiteElo "1805"]
[BlackElo "1795"]
[PlyCount "118"]
[EventDate "2016.11.06"]
[EventType "team-tourn"]
[EventRounds "9"]
[SourceDate "2016.10.16"]
[WhiteTeam "SAV Torgelow-Droegeheide II"]
[BlackTeam "HSG Uni Rostock"]

1. c4 c5 2. Nc3 Nc6 3. g3 Nf6 4. Bg2 e6 5. e3 Be7 6. Nge2 O-O 7. b3 d5 8. cxd5
exd5 9. d4 cxd4 10. Nxd4 Bb4 11. Bb2 Qa5 12. Rc1 Ne4 13. Bxe4 dxe4 14. O-O Bh3
15. Nxc6 bxc6 16. Re1 Rad8 17. Qc2 Qf5 18. f4 exf3 19. Qxf5 Bxf5 20. Red1 g5
21. Kf2 g4 22. h3 h5 23. hxg4 hxg4 24. a3 Be7 25. b4 Rfe8 26. Na4 Bg5 27. Bd4
Rxd4 28. exd4 Re2+ 29. Kf1 Bxc1 30. Rxc1 Bd3 31. Nc5 Bb5 32. a4 Rc2+ 33. axb5
Rxc1+ 34. Kf2 cxb5 35. Ke3 Re1+ 36. Kf2 Rb1 37. Nd3 Rb3 38. Ne5 f5 39. Nc6 Rb2+
40. Kf1 Kf7 41. d5 Rd2 42. Nxa7 Rxd5 43. Nc6 Ke6 44. Kf2 Kd7 45. Na5 Rd2+ 46.
Kf1 Rb2 47. Nb7 Rxb4 48. Nc5+ Kc6 49. Ne6 Rb1+ 50. Kf2 Rb2+ 51. Kf1 Kd5 52.
Nf4+ Ke4 53. Kg1 Rd2 54. Ne6 Ke3 55. Ng7 Ke2 56. Nxf5 b4 57. Kh2 b3 58. Nh4 b2
59. Ng6 Kd3+ 0-1

[Event "1617LLO"]
[Site "Mecklenburg-Vorpommern"]
[Date "2016.10.16"]
[Round "1.7"]
[White "Schmidt, Paul"]
[Black "Hinkelmann, Dieter"]
[Result "1-0"]
[WhiteElo "1424"]
[BlackElo "1350"]
[PlyCount "131"]
[EventDate "2016.11.06"]
[EventType "team-tourn"]
[EventRounds "9"]
[SourceDate "2016.10.16"]
[WhiteTeam "SAV Torgelow-Droegeheide II"]
[BlackTeam "HSG Uni Rostock"]

1. e4 c5 2. d4 cxd4 3. c3 dxc3 4. Nxc3 e6 5. Nf3 Nc6 6. Bc4 a6 7. O-O Bc5 8.
Bf4 d6 9. Qe2 b5 10. Bb3 Ra7 11. Rfd1 Qe7 12. Rac1 Nf6 13. e5 dxe5 14. Nxe5
Nxe5 15. Qxe5 Bxf2+ 16. Kf1 Bc5 17. Nxb5 axb5 18. Be3 Ng4 19. Rxc5 Nxe3+ 20.
Qxe3 O-O 21. Rdc1 Ba6 22. Kg1 Rd7 23. Qg3 Rfd8 24. Rc7 h6 25. a4 b4 26. a5 Qd6
27. Qxd6 Rxd6 28. h3 Kf8 29. Bc4 Rd1+ 30. Rxd1 Rxd1+ 31. Kh2 Rd6 32. Bxa6 Rxa6
33. Rb7 Rxa5 34. Rxb4 e5 35. Kg3 Ke7 36. Kf3 f5 37. Rb6 Rd5 38. b4 Rd6 39. Rb7+
Rd7 40. Rb5 Kd6 41. Rb6+ Kd5 42. Rb8 Kd4 43. b5 Kc5 44. b6 Kc6 45. Re8 e4+ 46.
Kf4 g6 47. Re6+ Rd6 48. b7 Rxe6 49. b8=Q e3 50. Qc8+ Kd5 51. Qd7+ Rd6 52. Qb7+
Kc5 53. Kxe3 Re6+ 54. Kf3 g5 55. Qf7 g4+ 56. hxg4 fxg4+ 57. Kxg4 Rd6 58. Qc7+
Kd5 59. Kh5 Re6 60. g4 Kd4 61. Qg7+ Kd5 62. Qxh6 Rxh6+ 63. Kxh6 Ke6 64. g5 Kf7
65. Kh7 Kf8 66. g6 1-0

[Event "1617LLO"]
[Site "Mecklenburg-Vorpommern"]
[Date "2016.10.16"]
[Round "1.8"]
[White "Stender, Wilfried"]
[Black "Hagemann, Sven Bastian"]
[Result "1-0"]
[WhiteElo "1174"]
[BlackElo "1214"]
[PlyCount "169"]
[EventDate "2016.11.06"]
[EventType "team-tourn"]
[EventRounds "9"]
[SourceDate "2016.10.16"]
[WhiteTeam "HSG Uni Rostock"]
[BlackTeam "SAV Torgelow-Droegeheide II"]

1. d4 Nf6 2. g3 g6 3. Bg2 Bg7 4. e4 O-O 5. Ne2 d6 6. O-O Nbd7 7. Nbc3 e5 8.
dxe5 dxe5 9. Nd5 c6 10. Ne3 Nc5 11. f3 Qb6 12. Nc4 Qc7 13. Nc3 Rd8 14. Qe2 b5
15. b4 Na6 16. Nb2 Nxb4 17. a3 Na6 18. Be3 Qe7 19. Rfd1 Bb7 20. Nd3 Nd7 21.
Rdb1 Nc7 22. Rb3 a6 23. Rab1 c5 24. R3b2 c4 25. Nb4 Bf8 26. a4 Qe6 27. a5 Bc5
28. Rd1 Qe7 29. Ncd5 Nxd5 30. Nxd5 Bxd5 31. Rxd5 Bxe3+ 32. Qxe3 Nf6 33. Rc5
Rac8 34. Rxc8 Rxc8 35. Rb1 Qc5 36. Qxc5 Rxc5 37. Rd1 Rc6 38. f4 exf4 39. e5 Re6
40. exf6 Rxf6 41. gxf4 Kf8 42. Rd8+ Kg7 43. Ra8 Rd6 44. Bb7 Rd1+ 45. Kg2 Rd2+
46. Kg3 Rxc2 47. Rxa6 Ra2 48. Bd5 Ra3+ 49. Kh4 c3 50. Ra7 c2 51. Rxf7+ Kh6 52.
Rc7 Rxa5 53. Rxc2 b4 54. Bg8 Ra7 55. Rb2 Rb7 56. Rb3 Rb8 57. Bd5 Rb5 58. Bf3
Rb8 59. Kg3 Rb6 60. h4 Rb5 61. Be2 Rb6 62. Bc4 Rb8 63. Re3 Rb7 64. Kg4 Rc7 65.
Bg8 Rg7 66. Bb3 Rb7 67. Re6 Kg7 68. Re8 Kh6 69. Rg8 Ra7 70. Rb8 Rc7 71. Rxb4
Re7 72. Rb5 Rd7 73. Rb6 Kg7 74. Bc2 Rc7 75. Be4 Re7 76. Rb7 Rxb7 77. Bxb7 Kf6
78. Bc8 h5+ 79. Kf3 Ke7 80. Ke4 Kf6 81. Bh3 Kf7 82. Ke5 Ke7 83. Bf1 Kf7 84.
Bc4+ Kg7 85. Ke6 1-0

[Event "1617LLO"]
[Site "Mecklenburg-Vorpommern"]
[Date "2016.10.16"]
[Round "1.1"]
[White "Rehbein, Hans Juergen"]
[Black "Luethke, Hans Eckart"]
[Result "0-1"]
[WhiteElo "1730"]
[BlackElo "2099"]
[PlyCount "84"]
[EventDate "2016.11.06"]
[EventType "team-tourn"]
[EventRounds "9"]
[SourceDate "2016.10.16"]
[WhiteTeam "SG Neubrandenburg II"]
[BlackTeam "SSC Graal-Mueritz"]

1. Nf3 c5 2. b3 Nc6 3. Bb2 Nf6 4. g3 e6 5. Bg2 Be7 6. O-O O-O 7. d3 d5 8. Nbd2
Qc7 9. c3 b6 10. Re1 Ba6 11. Qc2 Rfd8 12. Rac1 Qd7 13. a3 Rac8 14. Qb1 b5 15.
c4 bxc4 16. bxc4 d4 17. Qc2 Bb7 18. Qa4 Qc7 19. Ng5 Nd7 20. Nh3 e5 21. f4 Nb6
22. Qc2 exf4 23. Nxf4 Ne5 24. Nf3 Ng4 25. Bh3 Ne3 26. Qd2 Rb8 27. Ng2 Nxg2 28.
Bxg2 Na4 29. Ba1 Bf6 30. Qc2 Nb6 31. Rb1 Re8 32. Bb2 Qe7 33. Bc1 Rbd8 34. a4
Bc6 35. a5 Nd7 36. Kf2 Qe6 37. Ng1 Ne5 38. Bxc6 Qxc6 39. h3 Qh1 40. Bf4 Qh2+
41. Kf1 g5 42. Bxe5 Bxe5 0-1

[Event "1617LLO"]
[Site "Mecklenburg-Vorpommern"]
[Date "2016.10.16"]
[Round "1.2"]
[White "Van Bentum, Horst"]
[Black "Leisner, Ekkehardt"]
[Result "1-0"]
[WhiteElo "1945"]
[BlackElo "1713"]
[PlyCount "69"]
[EventDate "2016.11.06"]
[EventType "team-tourn"]
[EventRounds "9"]
[SourceDate "2016.10.16"]
[WhiteTeam "SSC Graal-Mueritz"]
[BlackTeam "SG Neubrandenburg II"]

1. e4 c5 2. Nf3 e6 3. c3 d5 4. exd5 Qxd5 5. d4 Nf6 6. Be2 Nc6 7. O-O Be7 8. Be3
cxd4 9. cxd4 O-O 10. Nc3 Qa5 11. a3 a6 12. b4 Qc7 13. Qd2 Rd8 14. Rfd1 Bd7 15.
Bf4 Bd6 16. Bg5 Be7 17. h3 Be8 18. Qe3 Nd5 19. Nxd5 Rxd5 20. Bc4 Bxg5 21. Nxg5
Rd6 22. Qe4 g6 23. Qh4 h5 24. Ne4 Rdd8 25. Nf6+ Kg7 26. Qg5 Nxd4 27. Nxe8+ Rxe8
28. Rxd4 e5 29. Rh4 f6 30. Qg3 g5 31. Bf1 Kh6 32. Rc4 Qg7 33. Bd3 Re7 34. Bf5
Rd8 35. Rac1 1-0

[Event "1617LLO"]
[Site "Mecklenburg-Vorpommern"]
[Date "2016.10.16"]
[Round "1.3"]
[White "Hollender, Dirk"]
[Black "Laser, Dirk"]
[Result "1-0"]
[WhiteElo "1661"]
[BlackElo "1805"]
[PlyCount "77"]
[EventDate "2016.11.06"]
[EventType "team-tourn"]
[EventRounds "9"]
[SourceDate "2016.10.16"]
[WhiteTeam "SG Neubrandenburg II"]
[BlackTeam "SSC Graal-Mueritz"]

1. e4 c5 2. Nc3 Nc6 3. f4 d6 4. Nf3 e6 5. d3 g6 6. g3 Bg7 7. Bg2 Nge7 8. O-O
O-O 9. Ne2 Qb6 10. c3 d5 11. e5 Rd8 12. g4 Bd7 13. Ng3 Rac8 14. g5 Nf5 15. Nxf5
exf5 16. h4 Be6 17. Kh2 d4 18. c4 Qa6 19. b3 b5 20. h5 bxc4 21. dxc4 Nb4 22. a3
Rb8 23. Nh4 Nc6 24. Qc2 Na5 25. Ra2 Rxb3 26. Bf3 Rdb8 27. Rb2 Qb6 28. Rxb3 Qxb3
29. Bd1 Qb1 30. Kg3 Qa1 31. Qd2 Nb3 32. Bxb3 Rxb3+ 33. Kf2 Bd7 34. Re1 Qb1 35.
Ke2 gxh5 36. Nf3 Bf8 37. Rh1 Rxa3 38. Bxa3 Qxh1 39. Qe1 1-0